Master key to MBA entrance exam: Single key for every MBA entrance (Record no. 166889)

MARC details
000 -LEADER
fixed length control field 00402nam a2200157Ia 4500
008 - FIXED-LENGTH DATA ELEMENTS--GENERAL INFORMATION
fixed length control field 231217s9999 xx 000 0 und d
041 ## - LANGUAGE CODE
Language code of text/sound track or separate title English
082 ## - DEWEY DECIMAL CLASSIFICATION NUMBER
Classification number 658.076 CHO1;2 `R'
100 ## - MAIN ENTRY--PERSONAL NAME
Personal name Chopra, Ravi
245 #0 - TITLE STATEMENT
Title Master key to MBA entrance exam: Single key for every MBA entrance
250 ## - EDITION STATEMENT
Edition statement 6th ed.
260 ## - PUBLICATION, DISTRIBUTION, ETC.
Date of publication, distribution, etc. 2000
Name of publisher, distributor, etc. Galgotia
300 ## - PHYSICAL DESCRIPTION
Extent x+F7+14
650 ## - SUBJECT ADDED ENTRY--TOPICAL TERM
Topical term or geographic name entry element MBA
942 ## - ADDED ENTRY ELEMENTS (KOHA)
Koha item type Books
Holdings
Date last seen Total checkouts Full call number Accession number Cost, total (INR) price Price effective from Category Public note Lost status Damaged status Department Withdrawn status Home library Current library Entry date Vendor Cost, normal purchase price Grants Billnumber Billdate Currency symbol Conversion rate Discount Old discount
26/01/2024   658.076 CHO1;2 `R' 14909 276.25 26/01/2024 Books Weeded Out 2016     Central Library   Central Library Central Library 15/03/2000 VBH 325.00 GEN 1101 21/11/2002 RS 1 48.75 15

© For any Suggestions or Query, please contact the library staff @ librarian@pes.edu or Phone: +9180 2672 1983/ 2108.